Historia de los musulmanes de España y Africa / (Record no. 19768)

MARC details
000 -LEADER
campo de control de longitud fija 00757nam a2200193 i 4500
001 - NÚMERO DE CONTROL
campo de control 19768
003 - IDENTIFICADOR DE NÚMERO DE CONTROL
campo de control ES-MaACL
005 - FECHA Y HORA DE LA ÚLTIMA TRANSACCIÓN
campo de control 20230906152148.0
007 - CAMPO FIJO DE DESCRIPCIÓN FÍSICA--INFORMACIÓN GENERAL
campo de control de longitud fija t|
008 - DATOS DE LONGITUD FIJA--INFORMACIÓN GENERAL
campo de control de longitud fija 021011s1917 sp ||||1| spa d
100 1# - ENTRADA PRINCIPAL--NOMBRE DE PERSONA
Nombre de persona Nuwayri, Muhammad b. Qasimal.
9 (RLIN) 86256
245 10 - MENCIÓN DEL TÍTULO
Título Historia de los musulmanes de España y Africa /
Mención de responsabilidad, etc. por En-Nuguairi ; texto árabe y traducción española por Mariano Gaspar Remiro.
260 ## - PUBLICACIÓN, DISTRIBUCIÓN, ETC.
Lugar de publicación, distribución, etc. Granada :
Nombre del editor, distribuidor, etc. Centro de Estudios Históricos de Granada y su Reino,
Fecha de publicación, distribución, etc. 1917 (
Fabricante El Defensor)
300 ## - DESCRIPCIÓN FÍSICA
Extensión v. ;
Dimensiones 24 cm.
505 8# - NOTA DE CONTENIDO CON FORMATO
Nota de contenido con formato Contiene: T. I: Califato de Córdoba y reinos de Taifás
700 1# - ENTRADA AGREGADA--NOMBRE PERSONAL
Nombre de persona Gaspar Remiro, Mariano.
9 (RLIN) 55885
710 2# - ENTRADA AGREGADA--NOMBRE DE ENTIDAD CORPORATIVA
Nombre de entidad corporativa o nombre de jurisdicción como elemento de entrada Centro de Estudios Históricos de Granada y su Reino.
9 (RLIN) 2642
852 ## - LOCALIZACIÓN
Ubicación ES-MaACL
Número de control de estantería B-13064
Holdings
Estatus retirado Estado de pérdida Estado de daño No para préstamo Biblioteca de origen Biblioteca actual Ubicación en estantería Fecha de adquisición Fuente de adquisición Total de préstamos Signatura topográfica completa Código de barras Visto por última vez Precio de reemplazo Tipo de ítem Koha
        Biblioteca del Ateneo de Madrid Biblioteca del Ateneo de Madrid Sala Pardo Bazán 17/01/2008     B-13064 1020243 23/02/2023 23/02/2023 Libro impreso